000 00458nam a2200181Ia 4500
005 20250508151851.0
008 008 250505s9999 xx 000 0 rus d
037 _aBooks to be hide in OPAC
040 _aFEDL
_beng
_cFEDL
041 _arus
_2eng
084 _a372, RUS/O
_qFEDL
100 _aAbrikosov A A
245 0 _aDrawing of class 7th
260 _c1956
300 _a135p.
942 _cHB
_h372, RUS/O
999 _c1332592
_d1332592